000 00307nam a2200109Ia 4500
008 171211s9999 xx 000 0 und d
245 4 _aThe Politically Incorrect Guide to Hunting
245 _cFrank Miniter
260 _c2007
650 _xANIMALS
856 _uhttp://down.ebook777.com/043/9781596985216.pdf
999 _c348476
_d348476